Report Of The Finance Committeee On The Annual Public Debt Management Report For The 2019 Financial Year (Record no. 2357)

MARC details
000 -LEADER
fixed length control field 00548nam a2200169Ia 4500
003 - CONTROL NUMBER IDENTIFIER
control field OSt
005 - DATE AND TIME OF LATEST TRANSACTION
control field 20250829121156.0
008 - FIXED-LENGTH DATA ELEMENTS--GENERAL INFORMATION
fixed length control field 240429s9999||||xx |||||||||||||| ||und||
041 ## - LANGUAGE CODE
Language code of text/sound track or separate title eng
082 ## - DEWEY DECIMAL CLASSIFICATION NUMBER
Classification number CR/PDM/19
100 ## - MAIN ENTRY--PERSONAL NAME
Personal name Parliament of Ghana
245 #0 - TITLE STATEMENT
Title Report Of The Finance Committeee On The Annual Public Debt Management Report For The 2019 Financial Year
300 ## - PHYSICAL DESCRIPTION
Extent 8p;tab
650 ## - SUBJECT ADDED ENTRY--TOPICAL TERM
Topical term or geographic name entry element Report Of The Finance Committeee On The Annual Public - Debt Management Report For The 2019 Financial Year
942 ## - ADDED ENTRY ELEMENTS (KOHA)
Koha item type Committee Reports
Source of classification or shelving scheme Dewey Decimal Classification
Suppress in OPAC No
Holdings
Withdrawn status Lost status Source of classification or shelving scheme Damaged status Not for loan Home library Current library Shelving location Date acquired Total checkouts Full call number Date last seen Copy number Price effective from Koha item type
    Dewey Decimal Classification     Main Library Main Library Open Shelves 25/01/2023   Acc. No. 4385 CR/PDM/19 29/04/2024 1 29/04/2024 Committee Reports
    Dewey Decimal Classification     Main Library Main Library Open Shelves 29/08/2025   Acc. No. 4386 CR/PDM/19 29/08/2025 2 29/08/2025 Committee Reports
    Dewey Decimal Classification     Main Library Main Library Open Shelves 29/08/2025   Acc. No. 4386 CR/PDM/19 29/08/2025 3 29/08/2025 Committee Reports
    Dewey Decimal Classification     Main Library Main Library Open Shelves 29/08/2025   Acc. No. 4386 CR/PDM/19 29/08/2025 4 29/08/2025 Committee Reports
    Dewey Decimal Classification     Main Library Main Library Open Shelves 29/08/2025   Acc. No. 4386 CR/PDM/19 29/08/2025 5 29/08/2025 Committee Reports
    Dewey Decimal Classification     Main Library Main Library Open Shelves 29/08/2025   Acc. No. 4386 CR/PDM/19 29/08/2025 6 29/08/2025 Committee Reports
©2026  Parliament of Ghana Library - All rights reserved